000 00790nam a2200229 i 4500
001 141608
003 ES-MaACL
005 20251005063116.0
007 t|
008 070926s1971 sp ||||1| spa d
080 _a840-32"18"
100 0 _aVilliers de L'Isle-Adam, Auguste,
_ccomte de
_9115262
245 1 0 _aCuentos crueles /
_cComte Villiers de l'Isle-Adam ; presentación y selección de Pere Gimferrer ; [traducción de Ana María Moix].
260 _aBarcelona :
_bMateu,
_c[1971]
300 _a152 p. ;
_c19 cm.
490 1 _aColección Maldoror ;
_v6
700 0 _aGimferrer, Pere,
_d1945-
_957102
700 1 _aMoix, Ana María,
_d1947-
_981820
830 0 _aColección Maldoror ;
_v6
_9183313
852 _aES-MaACL
_jC-39321
_bR.77499
999 _c141608
_d141608